[Event "IECG CP.2003.Q.00015 email"]
[Site "IECG email"]
[Date "2005.01.15"]
[Round "?"]
[White "Scarani, Antonio"]
[Black "Hanegby, Avigdor"]
[Result "1-0"]
[WhiteElo "2111"]
[BlackElo "1998"]
[PlyCount "55"]
[EventDate "2005.01.15"]
[EventType "tourn (corr)"]
[EventRounds "6"]
[SourceTitle "Corr 2008"]
[Source "ChessBase"]
[SourceDate "2008.06.24"]
[SourceVersion "1"]
[SourceVersionDate "2008.06.24"]
[SourceQuality "1"]

1. d4 g6 2. e4 Bg7 3. Nc3 c6 4. Nf3 d6 5. Be2 Nf6 6. 0-0 0-0 7. a4 a5 8. h3 Na6 9. Be3 Nb4 10. Nd2 d5 11. e5 Ne8 12. f4 Bf5 13. Rc1 b6 14. g4 Bd7 15. f5 gxf5 16. gxf5 Qc8 17. Bg4 h5 18. Bxh5 Bxf5 19. Qf3 Bg6 20. Ne2 Na2 21. Rb1 Nb4 22. c3 Nc2 23. Bg5 Bxh5 24. Qxh5 f6 25. Bh6 Rf7 26. Kh2 c5 27. Qg6 cxd4 28. Nf3 1-0

[Event "IECC CL2-2004.15 email"]
[Site "IECC email"]
[Date "2004.05.01"]
[Round "?"]
[White "Kleinsorgen, Horst M"]
[Black "Hanegby, Avigdor"]
[Result "1-0"]
[WhiteElo "2166"]
[BlackElo "2113"]
[PlyCount "99"]
[EventDate "2004.??.??"]
[EventType "tourn (corr)"]
[EventRounds "4"]
[SourceTitle "Corr 2008"]
[Source "ChessBase"]
[SourceDate "2008.06.24"]
[SourceVersion "1"]
[SourceVersionDate "2008.06.24"]
[SourceQuality "1"]

1. c4 g6 2. e4 Bg7 3. d4 d6 4. Nc3 Nf6 5. Be2 0-0 6. Bg5 h6 7. Be3 Nbd7 8. f4 e5 9. fxe5 dxe5 10. d5 c6 11. Qd2 h5 12. h3 cxd5 13. cxd5 Ne8 14. g4 Nd6 15. gxh5 Nf6 16. Bg5 b5 17. Bxb5 Nxb5 18. Nxb5 Qb6 19. Nc3 Nxh5 20. Be3 Qb4 21. a3 Qd6 22. Qf2 Nf4 23. Rd1 Re8 24. Nge2 Ba6 25. Bc5 Qc7 26. h4 Nd3+ 27. Rxd3 Bxd3 28. h5 Bxe2 29. Nxe2 Qa5+ 30. Bb4 Qa6 31. hxg6 fxg6 32. Qf3 Rab8 33. Qh3 Kf7 34. d6 Qc4 35. Qh7 Re6 36. Rf1+ Rf6 37. Rxf6+ Kxf6 38. Qh4+ Kf7 39. Qe7+ Kg8 40. d7 Qxe4 41. d8Q+ Rxd8 42. Qxd8+ Kh7 43. Qd7 Qb1+ 44. Kf2 Qxb2 45. Qxa7 Qc2 46. Qf7 Kh6 47. Qd7 Qb3 48. Kg2 g5 49. Ng3 Qb2+ 50. Bd2 1-0

[Event "IECG CP.2003.P.00014 email"]
[Site "IECG email"]
[Date "2003.10.01"]
[Round "?"]
[White "Briceno Ochoa, Jose Antonio"]
[Black "Hanegby, Avigdor"]
[Result "0-1"]
[WhiteElo "1126"]
[BlackElo "2001"]
[PlyCount "40"]
[EventDate "2003.10.01"]
[EventType "tourn (corr)"]
[EventRounds "6"]
[EventCountry "SRI"]
[SourceTitle "Corr 2008"]
[Source "ChessBase"]
[SourceDate "2008.06.24"]
[SourceVersion "1"]
[SourceVersionDate "2008.06.24"]
[SourceQuality "1"]

1. Nf3 g6 2. g3 Bg7 3. Bg2 d6 4. Nc3 Nf6 5. e4 0-0 6. 0-0 c6 7. Re1 e5 8. d4 exd4 9. Nxd4 Nbd7 10. Bg5 h6 11. Be3 Ne5 12. Qc1 Nfg4 13. Bf4 Nxf2 14. Kxf2 Ng4+ 15. Kg1 Bxd4+ 16. Be3 Nxe3 17. Rxe3 Qg5 18. Kf2 f5 19. Ke2 Bxe3 20. Qxe3 f4 0-1

[Event "IECG CP.2003.P.00014 email"]
[Site "IECG email"]
[Date "2003.10.01"]
[Round "?"]
[White "De Silva, Dinesh"]
[Black "Hanegby, Avigdor"]
[Result "1-0"]
[WhiteElo "2307"]
[BlackElo "2001"]
[PlyCount "47"]
[EventDate "2003.10.01"]
[EventType "tourn (corr)"]
[EventRounds "6"]
[EventCountry "SRI"]
[SourceTitle "Corr 2008"]
[Source "ChessBase"]
[SourceDate "2008.06.24"]
[SourceVersion "1"]
[SourceVersionDate "2008.06.24"]
[SourceQuality "1"]

1. e4 g6 2. d4 Bg7 3. Nc3 c6 4. Nf3 d6 5. Be3 Nd7 6. Qd2 b5 7. Bd3 Nb6 8. 0-0 Bg4 9. Ne1 Nc4 10. Bxc4 bxc4 11. h3 Be6 12. Nf3 h6 13. d5 cxd5 14. exd5 Bf5 15. Rfe1 Nf6 16. Nd4 Bd7 17. b4 a6 18. a4 Qc8 19. Bf4 Qc7 20. Rad1 Kf8 21. b5 axb5 22. axb5 g5 23. Be3 Kg8 24. Nc6 1-0

[Event "IECG CP.2003.P.00014 email"]
[Site "IECG email"]
[Date "2003.10.01"]
[Round "?"]
[White "Hanegby, Avigdor"]
[Black "Jasinski, Jim"]
[Result "1/2-1/2"]
[WhiteElo "2001"]
[BlackElo "1650"]
[PlyCount "34"]
[EventDate "2003.10.01"]
[EventType "tourn (corr)"]
[EventRounds "6"]
[EventCountry "SRI"]
[SourceTitle "Corr 2008"]
[Source "ChessBase"]
[SourceDate "2008.06.24"]
[SourceVersion "1"]
[SourceVersionDate "2008.06.24"]
[SourceQuality "1"]

1. f4 Nf6 2. Nf3 d5 3. e3 Bg4 4. Be2 e6 5. 0-0 Be7 6. b3 0-0 7. Bb2 Nbd7 8. Ne5 Bxe2 9. Qxe2 Nxe5 10. fxe5 Nd7 11. e4 c6 12. d4 Qa5 13. exd5 cxd5 14. c4 dxc4 15. bxc4 Qa6 16. Nc3 Rac8 17. Nb5 Nb6 1/2-1/2

[Event "IECG CP.2003.P.00014 email"]
[Site "IECG email"]
[Date "2003.10.01"]
[Round "?"]
[White "Hanegby, Avigdor"]
[Black "Ventimiglia, Charles"]
[Result "1/2-1/2"]
[WhiteElo "2001"]
[BlackElo "1973"]
[PlyCount "57"]
[EventDate "2003.10.01"]
[EventType "tourn (corr)"]
[EventRounds "6"]
[EventCountry "SRI"]
[SourceTitle "Corr 2008"]
[Source "ChessBase"]
[SourceDate "2008.06.24"]
[SourceVersion "1"]
[SourceVersionDate "2008.06.24"]
[SourceQuality "1"]

1. f4 d5 2. Nf3 g6 3. e3 Bg7 4. Be2 Nf6 5. 0-0 0-0 6. d3 b6 7. Qe1 c5 8. c3 Nbd7 9. Qg3 Bb7 10. Nbd2 a6 11. Ne5 Qc7 12. d4 Ne8 13. Ndf3 Nd6 14. Nxd7 Qxd7 15. Bd3 c4 16. Bc2 Ne4 17. Qe1 Qe6 18. b3 Rac8 19. Bb2 cxb3 20. axb3 Nxc3 21. Bxc3 Qc6 22. Ba5 Qxc2 23. Bxb6 Qxb3 24. Bc5 Rc7 25. Ne5 Rfc8 26. Qd2 Qb5 27. Rfb1 Qe8 28. Qa2 Ra8 29. Rb2 1/2-1/2

[Event "CFriend SH-2003-0-00005 email"]
[Site "Chessfriend.com"]
[Date "2003.04.16"]
[Round "1"]
[White "Hanegby, Avigdor"]
[Black "Cade, Stephen"]
[Result "0-1"]
[WhiteElo "1970"]
[BlackElo "2123"]
[PlyCount "138"]
[EventDate "2003.04.16"]
[EventType "tourn (corr)"]
[EventRounds "12"]
[SourceTitle "Corr 2024"]
[Source "ChessBase"]
[SourceDate "2023.10.19"]
[SourceVersion "1"]
[SourceVersionDate "2023.10.19"]
[SourceQuality "1"]

1. f4 d5 2. Nf3 g6 3. e3 Bg7 4. d4 Nh6 5. Bd3 Bf5 6. 0-0 Nd7 7. c4 dxc4 8. Bxc4 0-0 9. Nbd2 Nb6 10. Be2 Ng4 11. Qb3 Nf6 12. Ne5 c6 13. a4 Be6 14. Qd1 Nbd5 15. Nb3 Ne4 16. Bf3 Ndf6 17. a5 Bd5 18. Nd2 Nxd2 19. Bxd2 Ne4 20. Bb4 f6 21. Nd3 f5 22. a6 b6 23. Ne5 Rc8 24. Rc1 Rc7 25. Qe2 Qc8 26. Ba3 Rd8 27. Rfd1 Qe6 28. b4 Bb3 29. Rf1 Ba4 30. Qb2 Bb5 31. Bd1 Qc8 32. Qa2+ e6 33. Bb3 Re8 34. Rfd1 Bxa6 35. Qc2 Nf6 36. Qa2 Bb5 37. Re1 Ne4 38. Red1 a6 39. Bb2 Bxe5 40. dxe5 c5 41. bxc5 Rxc5 42. Rxc5 Nxc5 43. Rc1 Qa8 44. Bd4 Nxb3 45. Qxb3 Bc6 46. Qb2 b5 47. Rc5 Rb8 48. Qc2 Be4 49. Qa2 Bd5 50. Qc2 Bc4 51. Qd2 Qe4 52. Bc3 Qd3 53. Qxd3 Bxd3 54. Bb4 Be4 55. Rc3 Rd8 56. Rc1 Ra8 57. Ra1 Bb7 58. Kf2 Rc8 59. Ra2 Rc1 60. Rb2 Bd5 61. h3 Kf7 62. Ba5 Ra1 63. Bc3 Bc4 64. Rd2 Rf1+ 65. Kg3 Bd5 66. Rb2 h6 67. Kh4 Ke8 68. Kg3 Kd7 69. Bb4 Kc6 0-1

[Event "CFriend SH-2003-0-00005 email"]
[Site "Chessfriend.com"]
[Date "2003.04.16"]
[Round "?"]
[White "Hanegby, Avigdor"]
[Black "Ralls, Richard Nelson"]
[Result "1/2-1/2"]
[WhiteElo "1998"]
[BlackElo "2071"]
[PlyCount "45"]
[EventDate "2003.04.16"]
[EventType "tourn (corr)"]
[EventRounds "12"]
[SourceTitle "Corr 2008"]
[Source "ChessBase"]
[SourceDate "2008.06.24"]
[SourceVersion "1"]
[SourceVersionDate "2008.06.24"]
[SourceQuality "1"]

1. f4 d5 2. Nf3 g6 3. e3 Bg7 4. d4 Bf5 5. Bd3 e6 6. 0-0 Ne7 7. c4 0-0 8. Nc3 Bxd3 9. Qxd3 c5 10. dxc5 Nd7 11. b4 a5 12. Ba3 dxc4 13. Qxc4 Nd5 14. Nxd5 exd5 15. Qxd5 Bxa1 16. Rxa1 axb4 17. Bxb4 Nf6 18. Qxd8 Rfxd8 19. c6 Ne4 20. cxb7 Ra7 21. g4 Rxb7 22. a3 Rd3 23. Re1 1/2-1/2

[Event "CFriend SH-2003-0-00005 email"]
[Site "Chessfriend.com"]
[Date "2003.04.16"]
[Round "?"]
[White "Kresz, Laszlo"]
[Black "Hanegby, Avigdor"]
[Result "1-0"]
[WhiteElo "2158"]
[BlackElo "1998"]
[PlyCount "75"]
[EventDate "2003.04.16"]
[EventType "tourn (corr)"]
[EventRounds "12"]
[SourceTitle "Corr 2008"]
[Source "ChessBase"]
[SourceDate "2008.06.24"]
[SourceVersion "1"]
[SourceVersionDate "2008.06.24"]
[SourceQuality "1"]

1. Nf3 g6 2. c4 Bg7 3. g3 e5 4. Nc3 Ne7 5. Bg2 0-0 6. d4 exd4 7. Nxd4 Nbc6 8. Nxc6 dxc6 9. Bg5 Qe8 10. 0-0 Nf5 11. e4 Nd6 12. Qd3 Be6 13. b3 h6 14. Be3 Rd8 15. Qc2 a6 16. Rad1 Qe7 17. Bd4 Bxd4 18. Rxd4 Qg5 19. Rfd1 Qh5 20. Qe2 Qxe2 21. Nxe2 c5 22. R4d2 f6 23. Nf4 Kf7 24. b4 Rde8 25. e5 fxe5 26. Nxe6 Kxe6 27. bxc5 Nf5 28. Bxb7 a5 29. Be4 g5 30. Rd7 Re7 31. R7d3 Nd4 32. Ra3 g4 33. Rxa5 Kd7 34. Ra7 h5 35. a4 Ref7 36. Rd2 Rb8 37. a5 Rb4 38. Kg2 1-0

[Event "CFriend SH-2003-0-00005 email"]
[Site "Chessfriend.com"]
[Date "2003.04.16"]
[Round "?"]
[White "Peto, Peter"]
[Black "Hanegby, Avigdor"]
[Result "1/2-1/2"]
[WhiteElo "2021"]
[BlackElo "1998"]
[PlyCount "39"]
[EventDate "2003.04.16"]
[EventType "tourn (corr)"]
[EventRounds "12"]
[SourceTitle "Corr 2008"]
[Source "ChessBase"]
[SourceDate "2008.06.24"]
[SourceVersion "1"]
[SourceVersionDate "2008.06.24"]
[SourceQuality "1"]

1. e4 g6 2. d4 Bg7 3. Nc3 c6 4. f4 d5 5. e5 h5 6. Nf3 Bg4 7. h3 Bxf3 8. Qxf3 e6 9. Be3 h4 10. Bd3 Ne7 11. 0-0-0 Nd7 12. Ne2 Qb6 13. g4 hxg3 14. Nxg3 Rh4 15. Bf2 0-0-0 16. Nf1 Rh7 17. c3 Nf5 18. Ng3 Nxg3 19. Qxg3 Bf8 20. Be2 1/2-1/2

[Event "IECG QA.2003.0.00035 email"]
[Site "IECG email"]
[Date "2003.04.10"]
[Round "1"]
[White "Hanegby, Avigdor"]
[Black "Taelemans, Werner"]
[Result "0-1"]
[WhiteElo "2026"]
[BlackElo "2182"]
[PlyCount "60"]
[EventDate "2003.04.10"]
[EventType "tourn (corr)"]
[EventRounds "6"]
[SourceTitle "Corr 2008"]
[Source "ChessBase"]
[SourceDate "2008.06.24"]
[SourceVersion "1"]
[SourceVersionDate "2008.06.24"]
[SourceQuality "1"]

1. f4 d5 2. Nf3 g6 3. e3 Bg7 4. d4 Nh6 5. Bd3 Bf5 6. 0-0 0-0 7. Nc3 Nc6 8. a3 e6 9. Qe2 Bxd3 10. cxd3 Nf5 11. Na4 Qd6 12. Bd2 f6 13. Rac1 e5 14. dxe5 fxe5 15. fxe5 Bxe5 16. d4 Bg7 17. Qb5 Rab8 18. Nc5 Nfe7 19. Nxb7 Qe6 20. Nc5 Qc8 21. Qd3 Rxb2 22. Qc3 Rb6 23. Rce1 Nf5 24. Qc2 Nd6 25. Bc3 Nb5 26. a4 Nxc3 27. Kh1 Ne4 28. Nxe4 dxe4 29. Qxe4 Nb4 30. Rc1 Qe6 0-1

[Event "IECG QA.2003.0.00035 email"]
[Site "IECG email"]
[Date "2003.04.10"]
[Round "2"]
[White "Lim, John"]
[Black "Hanegby, Avigdor"]
[Result "1-0"]
[WhiteElo "2100"]
[BlackElo "2026"]
[PlyCount "85"]
[EventDate "2003.04.10"]
[EventType "tourn (corr)"]
[EventRounds "6"]
[SourceTitle "Corr 2008"]
[Source "ChessBase"]
[SourceDate "2008.06.24"]
[SourceVersion "1"]
[SourceVersionDate "2008.06.24"]
[SourceQuality "1"]

1. e4 g6 2. d4 Bg7 3. Nf3 d6 4. Nc3 Nf6 5. Be2 0-0 6. 0-0 c6 7. a4 Nbd7 8. h3 Qc7 9. Be3 e5 10. dxe5 dxe5 11. Ng5 h6 12. Nf3 Nh5 13. Qd2 Nf4 14. Rfd1 Nxe2+ 15. Qxe2 Qa5 16. Qd2 Kh7 17. Qd6 f5 18. exf5 gxf5 19. Rab1 e4 20. Nh4 Ne5 21. b4 Qa6 22. Bd4 Re8 23. a5 b5 24. Qc7 c5 25. Qxc5 Qf6 26. g3 Bd7 27. Qc7 Bc6 28. Bxe5 Rxe5 29. Rd6 Rc8 30. Qxc8 Qxd6 31. Nxf5 Qf6 32. Nxg7 e3 33. f4 Kxg7 34. Rd1 Re8 35. Qc7+ Kh8 36. Ne2 Bf3 37. Re1 Qe6 38. Kh2 Ba8 39. Qc5 a6 40. Qb6 Qe4 41. Qd4+ Kh7 42. Qxe4+ Rxe4 43. c3 1-0

[Event "IECG QA.2003.0.00035 email"]
[Site "IECG email"]
[Date "2003.04.10"]
[Round "2"]
[White "Taelemans, Werner"]
[Black "Hanegby, Avigdor"]
[Result "1-0"]
[WhiteElo "2182"]
[BlackElo "2026"]
[PlyCount "51"]
[EventDate "2003.04.10"]
[EventType "tourn (corr)"]
[EventRounds "6"]
[SourceTitle "Corr 2008"]
[Source "ChessBase"]
[SourceDate "2008.06.24"]
[SourceVersion "1"]
[SourceVersionDate "2008.06.24"]
[SourceQuality "1"]

1. e4 g6 2. d4 Bg7 3. c3 d5 4. Nd2 dxe4 5. Nxe4 Nd7 6. Bc4 e6 7. Nf3 Ngf6 8. Nxf6+ Qxf6 9. Bg5 Qf5 10. 0-0 h6 11. Bd3 Qd5 12. Bf4 c5 13. c4 Qh5 14. d5 0-0 15. dxe6 fxe6 16. Bg3 Bxb2 17. Qc2 Bxa1 18. Bxg6 Qg4 19. h3 Qxf3 20. gxf3 Bg7 21. Qe4 Nf6 22. Qe3 e5 23. Kh2 Nd7 24. Rg1 Kh8 25. Bb1 Rf7 26. Qe4 1-0

[Event "IECG QA.2002.0.00014"]
[Site "IECG email"]
[Date "2002.03.09"]
[Round "1"]
[White "Hanegby, Avigdor"]
[Black "Kovacs, Arthur"]
[Result "1/2-1/2"]
[WhiteElo "2003"]
[BlackElo "2097"]
[PlyCount "73"]
[EventDate "2002.02.24"]
[EventType "tourn (corr)"]
[EventRounds "6"]
[SourceTitle "Corr 2024"]
[Source "ChessBase"]
[SourceDate "2023.10.19"]
[SourceVersion "1"]
[SourceVersionDate "2023.10.19"]
[SourceQuality "1"]

1. f4 d5 2. Nf3 g6 3. e3 Bg7 4. c4 Nf6 5. Nc3 0-0 6. d4 c5 7. dxc5 Ne4 8. Bd2 Na6 9. cxd5 Naxc5 10. Rc1 Qb6 11. Ne5 Qxb2 12. Nc4 Nxc3 13. Nxb2 Nxd1 14. Nxd1 b6 15. Bb4 Bf5 16. Bxc5 bxc5 17. Ba6 Be4 18. Rxc5 Rfd8 19. 0-0 Bxd5 20. Nc3 Bxc3 21. Rxc3 Bxa2 22. Rfc1 Kg7 23. Rc7 Rd6 24. Bb7 Rad8 25. Rxe7 a5 26. Bf3 a4 27. Ra7 Bb3 28. Rcc7 Rd2 29. h4 Ra2 30. e4 Rd3 31. e5 a3 32. Bg4 Rdd2 33. e6 Rxg2+ 34. Kh1 Rh2+ 35. Kg1 Rag2+ 36. Kf1 Rf2+ 37. Kg1 1/2-1/2